Studies on in vitro digestibility of modified starches (Record no. 356679)

MARC details
000 -LEADER
fixed length control field 00551nam a22002057a 4500
005 - DATE & TIME
control field 20240905103336.0
008 - FIXED-LENGTH DATA ELEMENTS--GENERAL INFORMATION
fixed length control field 240904b |||||||| |||| 00| 0 eng d
020 ## - ISBN
International Standard Book Number X
Price [n.p]
040 ## - CATALOGING SOURCE
Original cataloging agency VIVEKANANDA LIBRARY
082 ## - DDC NUMBER
Classification number 664.2
Book Number G951S
100 ## - MAIN ENTRY--PERSONAL NAME
Personal name Guleria, Prixit
245 ## - TITLE STATEMENT
Title Studies on in vitro digestibility of modified starches
260 ## - PUBLICATION, DISTRIBUTION, ETC. (IMPRINT)
Place of publication, distribution, etc Rohtak
Name of publisher, distributor, etc Department of Food Technology, M D University
Date of publication, distribution, etc 2023
300 ## - PHYSICAL DESCRIPTION
Pages xvi, 182
650 ## - Subject
Subject Food Technology
650 ## - Subject
Subject Starches-Food
700 ## - Added Entry Personal Name
Added Entry Personal Name Dhankhar, Jyotika
942 ## - ADDED ENTRY ELEMENTS (KOHA)
Koha item type Thesis
Holdings
Withdrawn status Lost status Source of classification or shelving scheme Damaged status Not for loan Location (home branch) Sublocation or collection (holding branch) Shelving location Date acquired Koha issues (times borrowed) Koha full call number Accession No. Koha date last seen Copy number Koha item type
    Dewey Decimal Classification     VIVEKANANDA LIBRARY VIVEKANANDA LIBRARY Vivekananda Library 04/09/2024   664.2 G951S 410319 04/09/2024 R Thesis
© Designed and Maintained by Vivekananda Library, MDU Rohtak